[Event "HZ Chess Tournament 2024"]
[Site "Vlissingen, Netherlands"]
[Date "2024.08.05"]
[Round "4.1"]
[White "De Boer, Eelke"]
[Black "L'Ami, Erwin"]
[Result "1/2-1/2"]
[WhiteElo "2270"]
[BlackElo "2629"]
[PlyCount "71"]

1. e4 e5 2. Nf3 Nc6 3. Bb5 a6 4. Ba4 Nf6 5. O-O Be7 6. d3 d6 7. c3 O-O 8. Nbd2
Re8 9. Re1 Bf8 10. h3 b5 11. Bc2 Bb7 12. d4 Nb8 13. b3 Nbd7 14. a4 g6 15. Bb2
Nh5 16. axb5 axb5 17. Bd3 c6 18. Rxa8 Qxa8 19. Qc2 Nf4 20. Bf1 Bg7 21. b4 exd4
22. cxd4 d5 23. g3 dxe4 24. Nxe4 Nd5 25. Ne5 Nxb4 26. Qb3 Nxe5 27. dxe5 Qa4 28.
Qxa4 bxa4 29. Nd6 Rb8 30. Bc4 Nd5 31. Ra1 Bc8 32. Nxc8 Rxb2 33. Bxd5 cxd5 34.
Rxa4 Bxe5 35. Ne7+ Kg7 36. Nxd5 1/2-1/2

[Event "HZ Chess Tournament 2024"]
[Site "Vlissingen, Netherlands"]
[Date "2024.08.05"]
[Round "4.2"]
[White "Ter-Sahakyan, Samvel"]
[Black "De Winter, Arthur"]
[Result "1-0"]
[WhiteElo "2609"]
[BlackElo "2411"]
[PlyCount "37"]

1. e4 e5 2. Nf3 Nc6 3. Bb5 a6 4. Ba4 Nf6 5. O-O Nxe4 6. d4 Be7 7. Re1 b5 8. Bb3
d5 9. dxe5 Be6 10. c3 O-O 11. h3 Qd7 12. Bc2 Rad8 13. Nbd2 f5 14. exf6 Nxd2 15.
Bxh7+ Kxh7 16. Ng5+ Kg8 17. Qh5 Rxf6 18. Rxe6 Rxe6 19. Qh7+ 1-0

[Event "HZ Chess Tournament 2024"]
[Site "Vlissingen, Netherlands"]
[Date "2024.08.05"]
[Round "4.3"]
[White "Setyaki, Azarya Jodi"]
[Black "Bharath Subramaniyam H"]
[Result "1-0"]
[WhiteElo "2370"]
[BlackElo "2566"]
[PlyCount "129"]

1. e4 c5 2. Nf3 d6 3. d4 cxd4 4. Nxd4 Nf6 5. Nc3 a6 6. Qd3 Nbd7 7. Be2 b5 8.
Nd5 Bb7 9. a4 Nc5 10. Nxf6+ gxf6 11. Qe3 bxa4 12. f3 e5 13. Nf5 d5 14. Qf2 d4
15. O-O Qb6 16. Bc4 Bc6 17. Qh4 Bb5 18. Bxb5+ axb5 19. f4 Nd7 20. fxe5 Nxe5 21.
Bh6 O-O-O 22. Bxf8 Rhxf8 23. Ne7+ Kb7 24. Nd5 Qc5 25. Qxf6 d3+ 26. Kh1 Nd7 27.
Qh6 dxc2 28. Rfc1 Rc8 29. Ne3 Qb6 30. Qf4 Qf6 31. Nf5 Ne5 32. Qf1 Qb6 33. Nd6+
Qxd6 34. Qxb5+ Qb6 35. Qxe5 Rfd8 36. Qe7+ Kb8 37. Qe5+ Kb7 38. Qe7+ Kb8 39.
Qe5+ Rd6 40. Rxa4 f6 41. Qf4 Kb7 42. Qf3 Rd1+ 43. Rxd1 c1=Q 44. e5+ Qcc6 45.
Rd6 Qxb2 46. Rxc6 Rxc6 47. h3 Qb5 48. Qe4 Qxe5 49. Rb4+ Kc7 50. Qxh7+ Kd6 51.
Rb1 Qd5 52. Re1 Rc7 53. Qh8 Qd4 54. Qe8 Rd7 55. Qe6+ Kc7 56. Rf1 Rd6 57. Rc1+
Kb6 58. Qb3+ Ka6 59. Rb1 Rb6 60. Qxb6+ Qxb6 61. Rxb6+ Kxb6 62. h4 Kc5 63. h5
Kd6 64. h6 Ke7 65. h7 1-0

[Event "HZ Chess Tournament 2024"]
[Site "Vlissingen, Netherlands"]
[Date "2024.08.05"]
[Round "4.4"]
[White "Pavlidis, Antonios"]
[Black "Karacsonyi, Gellert"]
[Result "1-0"]
[WhiteElo "2566"]
[BlackElo "2395"]
[PlyCount "83"]

1. c4 e6 2. Nc3 d5 3. e3 Nf6 4. Nf3 Bd6 5. b3 O-O 6. Bb2 b6 7. cxd5 exd5 8. Nb5
Ba6 9. Rc1 c5 10. Nxd6 Qxd6 11. Be2 Bxe2 12. Qxe2 Nc6 13. O-O Nb4 14. Be5 Qe7
15. d4 Ne4 16. dxc5 bxc5 17. Ba1 a5 18. Rfd1 Rfd8 19. Ne1 Nc6 20. Nd3 a4 21. f3
Nf6 22. Rxc5 Na5 23. b4 Nc4 24. Bd4 Re8 25. Re1 Qd6 26. Nb2 Ne5 27. a3 Nc6 28.
Qd2 Nd7 29. Rc3 Re6 30. Rec1 Nxd4 31. Qxd4 Rh6 32. Rc8+ Rxc8 33. Rxc8+ Nf8 34.
f4 Re6 35. Nd3 f6 36. f5 Re7 37. Nf4 Kf7 38. Qxd5+ Qxd5 39. Nxd5 Re5 40. Rc7+
Ke8 41. e4 Rxe4 42. Rxg7 1-0

[Event "HZ Chess Tournament 2024"]
[Site "Vlissingen, Netherlands"]
[Date "2024.08.05"]
[Round "4.5"]
[White "Karsay, Pascal"]
[Black "Hausrath, Daniel"]
[Result "1/2-1/2"]
[WhiteElo "2357"]
[BlackElo "2469"]
[PlyCount "99"]

1. d4 Nf6 2. Nf3 g6 3. c4 Bg7 4. g3 O-O 5. Bg2 d6 6. Nc3 c6 7. O-O Bf5 8. Re1
Ne4 9. Qb3 Nxc3 10. bxc3 Bc8 11. e4 Nd7 12. Ba3 Re8 13. c5 dxc5 14. e5 c4 15.
Qxc4 Nb6 16. Qe2 Be6 17. Ng5 Bc4 18. Qg4 f5 19. Qd1 h6 20. Nh3 Nd5 21. Qc1 g5
22. Qc2 e6 23. Reb1 b5 24. Bd6 Bf8 25. Bxf8 Rxf8 26. Qd2 Qe7 27. f4 g4 28. Nf2
Qa3 29. Bxd5 cxd5 30. h3 h5 31. Nd1 Kg7 32. Ne3 Rac8 33. Kf2 a5 34. Rb2 Rf7 35.
hxg4 hxg4 36. Rh1 Kg6 37. Kg1 Qe7 38. Nxc4 Rxc4 39. Rxb5 Rh7 40. Rxh7 Qxh7 41.
Rb6 Qh3 42. Rxe6+ Kg7 43. Qh2 Qxh2+ 44. Kxh2 Rxc3 45. Rf6 Rc2+ 46. Kg1 Rxa2 47.
Rxf5 a4 48. Rf6 Ra3 49. Kf2 Rf3+ 50. Kg2 1/2-1/2

[Event "HZ Chess Tournament 2024"]
[Site "Vlissingen, Netherlands"]
[Date "2024.08.05"]
[Round "4.6"]
[White "Ikonnikov, Vyacheslav"]
[Black "Tarigan, Gilbert Elroy"]
[Result "0-1"]
[WhiteElo "2447"]
[BlackElo "2359"]
[PlyCount "146"]

1. d4 Nf6 2. Nf3 d5 3. c4 e6 4. Nc3 Be7 5. Bg5 h6 6. Bh4 dxc4 7. e3 c5 8. Bxc4
cxd4 9. exd4 Nc6 10. O-O O-O 11. a3 a6 12. Ba2 b5 13. Bb1 Nh5 14. Ne5 Nxe5 15.
Bxe7 Qxe7 16. dxe5 g6 17. Qf3 Rb8 18. g4 Ng7 19. Ne4 Ne8 20. Nf6+ Kg7 21. Nxe8+
Rxe8 22. Be4 Bb7 23. Bxb7 Qxb7 24. Qf6+ Kg8 25. Rad1 Qe7 26. Rd6 Qxf6 27. exf6
g5 28. Rxa6 Kh7 29. Ra7 Kg6 30. f4 Red8 31. fxg5 hxg5 32. Rc7 Rd4 33. h3 b4 34.
a4 b3 35. a5 Ra4 36. Rc5 Ra8 37. Rf3 R8xa5 38. Rxa5 Rxa5 39. Rxb3 Kxf6 40. Kf2
Ke5 41. Rb7 f5 42. gxf5 exf5 43. Ke3 Rd5 44. Re7+ Kf6 45. Rb7 f4+ 46. Ke2 Re5+
47. Kf2 Re3 48. Kg2 Re2+ 49. Kg1 Kg6 50. b4 Rb2 51. Rb8 Rb1+ 52. Kf2 Rb2+ 53.
Kg1 Kh6 54. b5 Kh5 55. Rh8+ Kg6 56. Rb8 Kf5 57. b6 Ke4 58. Rg8 Ke3 59. Rxg5
Rb1+ 60. Kh2 f3 61. Re5+ Kf4 62. Re8 f2 63. Rf8+ Ke3 64. b7 Rxb7 65. Re8+ Kf3
66. Rf8+ Ke2 67. Re8+ Kf3 68. Rf8+ Ke2 69. Re8+ Kf1 70. Re4 Rb1 71. h4 Re1 72.
Rf4 Ke2 73. h5 Ke3 0-1

[Event "HZ Chess Tournament 2024"]
[Site "Vlissingen, Netherlands"]
[Date "2024.08.05"]
[Round "4.7"]
[White "Fernandez, Daniel Howard"]
[Black "Sorbe, Stephane"]
[Result "1-0"]
[WhiteElo "2519"]
[BlackElo "2343"]
[PlyCount "57"]

1. e4 c6 2. d4 d5 3. exd5 cxd5 4. Nf3 Nc6 5. Bb5 Nf6 6. O-O Bd7 7. c4 e6 8. Nc3
dxc4 9. d5 exd5 10. Nxd5 Nxd5 11. Qxd5 Be7 12. Rd1 a6 13. Ba4 b5 14. Ng5 Rf8
15. Nxh7 Rh8 16. Ng5 Rf8 17. Ne6 fxe6 18. Qh5+ g6 19. Qxg6+ Rf7 20. Bc2 Ne5 21.
Qh5 Bf6 22. Bf4 Nd3 23. Bxd3 cxd3 24. Rxd3 Bxb2 25. Rg3 Qb6 26. Rd1 e5 27. Rg8+
Ke7 28. Rxd7+ Kxd7 29. Qxf7+ 1-0

[Event "HZ Chess Tournament 2024"]
[Site "Vlissingen, Netherlands"]
[Date "2024.08.05"]
[Round "4.8"]
[White "Coenen, Eduard"]
[Black "Ferreira, Jorge Viterbo"]
[Result "0-1"]
[WhiteElo "2069"]
[BlackElo "2523"]
[PlyCount "84"]

1. d4 Nf6 2. Nf3 e6 3. Bg5 h6 4. Bxf6 Qxf6 5. Nbd2 d6 6. e4 e5 7. c3 g6 8. Qa4+
c6 9. h3 Nd7 10. Be2 Be7 11. Rd1 Kf8 12. Qc2 Kg7 13. Nc4 Re8 14. d5 c5 15. Nh2
Bf8 16. Ne3 Qd8 17. g4 Rb8 18. a4 a6 19. Nhf1 b5 20. axb5 axb5 21. b4 Be7 22.
Ra1 cxb4 23. cxb4 Nf8 24. Nd2 Bd7 25. O-O Qb6 26. Nb3 Bg5 27. Qd3 Nh7 28. Ng2
Rec8 29. Na5 Qd8 30. Ne3 Nf6 31. Rac1 Qb6 32. Rfd1 Rc7 33. Rxc7 Qxc7 34. Kg2
Rc8 35. f3 h5 36. Kf1 hxg4 37. hxg4 Qb6 38. Nc2 Rh8 39. f4 Bxf4 40. Bf3 Nxg4
41. Qe2 Nh2+ 42. Ke1 Qg1+ 0-1

[Event "HZ Chess Tournament 2024"]
[Site "Vlissingen, Netherlands"]
[Date "2024.08.05"]
[Round "4.9"]
[White "Nieuwelink, Kees"]
[Black "Leenhouts, Koen"]
[Result "0-1"]
[WhiteElo "2165"]
[BlackElo "2446"]
[PlyCount "80"]

1. e4 e6 2. Nf3 d5 3. e5 c5 4. c3 d4 5. Bd3 Bd7 6. Qe2 Bc6 7. O-O Ne7 8. Be4
Bxe4 9. Qxe4 Nbc6 10. d3 dxc3 11. bxc3 Qd7 12. Na3 Nd5 13. Bb2 Be7 14. Nc4 Rd8
15. Rfe1 O-O 16. a4 Nb6 17. Nxb6 axb6 18. d4 Na5 19. Bc1 Nb3 20. Rb1 c4 21. Bg5
Rde8 22. Bxe7 Qxe7 23. d5 exd5 24. Qxd5 Rc8 25. Re4 Rfd8 26. Qb5 Qe6 27. Rbe1
h6 28. h3 Rd3 29. Qb4 Rxf3 30. gxf3 Nd2 31. Kg2 Qf5 32. R1e3 Nxe4 33. Rxe4 Qg6+
34. Kh2 Qe6 35. f4 Qd5 36. f3 Qd2+ 37. Kg3 Qc1 38. Kf2 Qd2+ 39. Kg3 h5 40. Rxc4
Qe1+ 0-1

[Event "HZ Chess Tournament 2024"]
[Site "Vlissingen, Netherlands"]
[Date "2024.08.05"]
[Round "4.10"]
[White "Beukema, Stefan"]
[Black "Van Rootselaar, Rik"]
[Result "1-0"]
[WhiteElo "2435"]
[BlackElo "2152"]
[PlyCount "71"]

1. e4 c5 2. Nf3 Nc6 3. d4 cxd4 4. Nxd4 e5 5. Nb5 d6 6. N1c3 a6 7. Na3 Be7 8.
Be3 Nf6 9. Nc4 b5 10. Nb6 Rb8 11. Nxc8 Qxc8 12. a4 b4 13. Nd5 Nxd5 14. Qxd5 O-O
15. Bd3 Bf6 16. O-O Rd8 17. a5 Ne7 18. Qb3 d5 19. Bb6 Rd7 20. exd5 g6 21. Bc4
e4 22. Rad1 Bxb2 23. d6 Nf5 24. Bxf7+ Rxf7 25. d7 Qc3 26. d8=Q+ Rxd8 27. Rxd8+
Kg7 28. Qxc3+ Bxc3 29. Rfd1 Rf6 30. R1d7+ Kh6 31. Rh8 Rc6 32. Rhxh7+ Kg5 33. g3
Be5 34. Rd2 Bc3 35. Re2 Re6 36. f4+ 1-0

[Event "HZ Chess Tournament 2024"]
[Site "Vlissingen, Netherlands"]
[Date "2024.08.05"]
[Round "4.11"]
[White "Arfan, Aditya Bagus"]
[Black "Provoost, Simon"]
[Result "1/2-1/2"]
[WhiteElo "2405"]
[BlackElo "2198"]
[PlyCount "107"]

1. e4 c6 2. d4 d5 3. exd5 cxd5 4. Nf3 Nf6 5. Ne5 Nc6 6. Bb5 Bd7 7. Nxd7 Qxd7 8.
c3 e6 9. O-O Bd6 10. Nd2 O-O 11. f4 Qc7 12. g3 a6 13. Bd3 b5 14. a3 Qb6 15. Kh1
a5 16. Nf3 b4 17. Qe2 bxc3 18. bxc3 a4 19. f5 exf5 20. Bxf5 Rfe8 21. Qc2 Qc7
22. Bg5 Ne4 23. c4 Nxd4 24. Nxd4 Nxg5 25. cxd5 Qxc2 26. Bxc2 Re5 27. Rf5 Rxf5
28. Nxf5 Bc5 29. h4 Nf3 30. Be4 Nd2 31. Bg2 g6 32. Rd1 Nb3 33. d6 Rd8 34. Ne7+
Kf8 35. Bc6 Rxd6 36. Rxd6 Bxd6 37. Nd5 Bxg3 38. h5 Bd6 39. Bxa4 Nd4 40. hxg6
hxg6 41. Nc3 Bxa3 42. Nb5 Nxb5 43. Bxb5 f5 44. Kg2 Ke7 45. Kf3 Bd6 46. Bd3 Kf6
47. Bc2 g5 48. Bd3 Ke5 49. Bc2 Bb4 50. Bd3 g4+ 51. Kg2 f4 52. Be2 f3+ 53. Bxf3
gxf3+ 54. Kxf3 1/2-1/2

[Event "HZ Chess Tournament 2024"]
[Site "Vlissingen, Netherlands"]
[Date "2024.08.05"]
[Round "4.12"]
[White "Van der Zalm, Marnix"]
[Black "Stillger, Bernhard"]
[Result "0-1"]
[WhiteElo "2083"]
[BlackElo "2263"]
[PlyCount "90"]

1. d4 Nf6 2. c4 g6 3. Nc3 d5 4. cxd5 Nxd5 5. e4 Nxc3 6. bxc3 Bg7 7. Bb5+ c6 8.
Ba4 Qa5 9. Ne2 Bg4 10. f3 Bd7 11. O-O c5 12. Bxd7+ Nxd7 13. Bd2 O-O 14. f4 e6
15. e5 Qa6 16. Rf3 f5 17. Be1 Qc6 18. Bh4 c4 19. Be7 Rfe8 20. Bd6 Nb6 21. Qd2
Nd5 22. Raf1 Bf8 23. Bxf8 Rxf8 24. Qe1 Rf7 25. Qh4 Qc7 26. Qh6 Kh8 27. h4 Rg8
28. h5 Rfg7 29. R1f2 Qf7 30. hxg6 Rxg6 31. Qh2 Qg7 32. Rh3 b5 33. Kh1 a5 34. a3
Rg4 35. Rh6 Qf7 36. g3 b4 37. axb4 axb4 38. cxb4 R4g6 39. Qh3 Rxh6 40. Qxh6 Ne3
41. Qh4 Qb7+ 42. Kg1 Ng4 43. Rf1 Qe4 44. Nc1 Qxd4+ 45. Kh1 Rg6 0-1

[Event "HZ Chess Tournament 2024"]
[Site "Vlissingen, Netherlands"]
[Date "2024.08.05"]
[Round "4.13"]
[White "Bezemer, Arno"]
[Black "De Rycke, Tyani"]
[Result "1-0"]
[WhiteElo "2223"]
[BlackElo "2122"]
[PlyCount "71"]

1. d4 Nf6 2. c4 g6 3. Nc3 Bg7 4. e4 d6 5. Nf3 O-O 6. Be2 Nbd7 7. O-O e5 8. Re1
c6 9. Bf1 h6 10. Rb1 Nh7 11. dxe5 dxe5 12. b4 Qc7 13. Be3 f5 14. exf5 gxf5 15.
c5 Ndf6 16. Bc4+ Kh8 17. Nh4 Ng5 18. Ng6+ Kh7 19. Nxf8+ Bxf8 20. Qc2 e4 21. Qd2
Ne6 22. h3 Bg7 23. Rbd1 f4 24. Bxe6 fxe3 25. Qd6 exf2+ 26. Kxf2 Qxd6 27. Rxd6
Ne8 28. Rd8 Bxe6 29. Rxa8 Bxc3 30. Rxe8 Bxe1+ 31. Kxe1 Bxa2 32. Re7+ Kg6 33.
Rxb7 Kg5 34. Rxa7 Bd5 35. Kf2 e3+ 36. Kxe3 1-0

[Event "HZ Chess Tournament 2024"]
[Site "Vlissingen, Netherlands"]
[Date "2024.08.05"]
[Round "4.14"]
[White "Verweij, David"]
[Black "Honkoop, Gilian"]
[Result "0-1"]
[WhiteElo "1931"]
[BlackElo "2183"]
[PlyCount "60"]

1. d4 Nf6 2. c4 e6 3. Nc3 Bb4 4. a3 Bxc3+ 5. bxc3 c5 6. e3 O-O 7. Bd3 Nc6 8.
Ne2 b6 9. e4 Ne8 10. f4 Ba6 11. dxc5 bxc5 12. Ng3 Na5 13. Qe2 d5 14. O-O Bxc4
15. Bxc4 Nxc4 16. f5 Qf6 17. Qh5 Qxc3 18. Bg5 Nf6 19. Bxf6 Qxf6 20. fxe6 Qd4+
21. Kh1 fxe6 22. Rfd1 Qf6 23. exd5 Ne3 24. Re1 exd5 25. Rac1 Rae8 26. Rxc5 Re5
27. Qe2 Ng4 28. Qd2 Rxe1+ 29. Qxe1 Nf2+ 30. Kg1 Nd3 0-1

[Event "HZ Chess Tournament 2024"]
[Site "Vlissingen, Netherlands"]
[Date "2024.08.05"]
[Round "4.15"]
[White "Goossens, Hanne"]
[Black "Hirzel, Cedric"]
[Result "1/2-1/2"]
[WhiteElo "2172"]
[BlackElo "2116"]
[PlyCount "62"]

1. e4 e6 2. d4 d5 3. exd5 exd5 4. Nf3 Nf6 5. Bd3 c5 6. c3 Be7 7. dxc5 Bxc5 8.
O-O O-O 9. Nbd2 Nc6 10. Nb3 Bb6 11. h3 Qd6 12. Nbd4 Bxd4 13. Nxd4 Nxd4 14. cxd4
Re8 15. Bd2 Ne4 16. Re1 Bd7 17. Be3 Qb6 18. Qe2 Rac8 19. Rac1 a6 20. Red1 Ba4
21. b3 Bb5 22. Bxb5 axb5 23. Qd3 Qa5 24. Rc2 Rxc2 25. Qxc2 Nc3 26. Bd2 b4 27.
Bxc3 bxc3 28. Rc1 Rc8 29. Qf5 Qd8 30. Rc2 g6 31. Qd3 Qe7 1/2-1/2

[Event "HZ Chess Tournament 2024"]
[Site "Vlissingen, Netherlands"]
[Date "2024.08.05"]
[Round "4.16"]
[White "Heijer, Rolinde den"]
[Black "Gool, Henk van"]
[Result "*"]
[WhiteElo "1981"]
[BlackElo "2172"]
[PlyCount "127"]

1. e4 c5 2. Nf3 Nc6 3. d4 cxd4 4. Nxd4 e6 5. Nc3 Qc7 6. Be3 a6 7. Qd2 Nf6 8. f4
Bb4 9. Bd3 d5 10. e5 Ne4 11. Bxe4 dxe4 12. a3 Be7 13. O-O b5 14. Nxc6 Qxc6 15.
Ne2 O-O 16. c3 Bb7 17. Qe1 g6 18. Qg3 Kh8 19. Nd4 Qc7 20. Rad1 Rg8 21. Rd2 Bd5
22. Kh1 Bc4 23. Rfd1 Rad8 24. Qf2 Rd5 25. h3 Qb7 26. Kh2 a5 27. Ra1 Ra8 28. b3
Bd3 29. a4 Qc7 30. Rdd1 Rc5 31. Bd2 Rd8 32. axb5 Bxb5 33. c4 Be8 34. Be3 Rb8
35. Rdb1 a4 36. bxa4 Rxb1 37. Rxb1 Rxc4 38. a5 Ra4 39. Rc1 Qb7 40. Qc2 Kg7 41.
Qc8 Qxc8 42. Rxc8 Ra3 43. Rxe8 Bh4 44. Nc2 Rxa5 45. Rc8 Be7 46. Rc7 Kf8 47. Rc4
h6 48. Rxe4 g5 49. g3 Kg7 50. Kg2 Kg6 51. Kf3 Rb5 52. Ra4 Rb3 53. Rc4 h5 54.
Nd4 Ra3 55. Nc6 Bf8 56. fxg5 Bg7 57. h4 Rd3 58. Ke4 Ra3 59. Rb4 Bf8 60. Rb8
Ra4+ 61. Kf3 Ba3 62. Rb5 Rc4 63. Nd4 Bc5 64. Ne2 *

[Event "HZ Chess Tournament 2024"]
[Site "Vlissingen, Netherlands"]
[Date "2024.08.05"]
[Round "4.17"]
[White "Van den Berg, Jeroen"]
[Black "Van Delft, Merijn"]
[Result "0-1"]
[WhiteElo "2028"]
[BlackElo "2376"]
[PlyCount "68"]

1. e4 c5 2. Nf3 d6 3. c3 Nf6 4. h3 Nc6 5. Bd3 d5 6. e5 Nd7 7. Bb5 Qb6 8. a4 a6
9. Bxc6 bxc6 10. a5 Qb8 11. d4 e6 12. O-O Be7 13. Re1 O-O 14. Nbd2 cxd4 15.
cxd4 c5 16. Nf1 Ra7 17. Qd3 Re8 18. Bg5 Bf8 19. N1d2 Rc7 20. b3 Bb7 21. Be3
Rec8 22. Rec1 Bc6 23. Qb1 Bb5 24. Bf4 cxd4 25. Rxc7 Rxc7 26. Nxd4 Nc5 27. N2f3
Bd3 28. Qa2 Be4 29. Rc1 h6 30. Bd2 Nd3 31. Rxc7 Qxc7 32. Qa4 Bc5 33. Ne1 Nxe1
34. Bxe1 Qxe5 0-1

[Event "HZ Chess Tournament 2024"]
[Site "Vlissingen, Netherlands"]
[Date "2024.08.05"]
[Round "4.18"]
[White "Syrov, Arkadi"]
[Black "Le Clercq, Maxim"]
[Result "1-0"]
[WhiteElo "2316"]
[BlackElo "2069"]
[PlyCount "101"]

1. e4 Nf6 2. e5 Nd5 3. d4 d6 4. c4 Nb6 5. exd6 cxd6 6. Nf3 g6 7. h3 Bg7 8. Nc3
O-O 9. Be3 Nc6 10. d5 Na5 11. Bd4 e5 12. dxe6 Bxe6 13. b3 Nc6 14. Bxg7 Kxg7 15.
Rc1 d5 16. c5 d4 17. Nb5 Nd5 18. Bd3 Nf4 19. O-O Bd5 20. Bc4 d3 21. Bxd5 Qxd5
22. Rc4 Ne2+ 23. Kh1 Rad8 24. Qa1+ f6 25. Nc3 Qe6 26. Re1 d2 27. Rd1 Ne5 28.
Re4 Nxc3 29. Qxc3 Rd3 30. Qxd3 Nxd3 31. Rxe6 Nxf2+ 32. Kg1 Nxd1 33. Nxd2 Nc3
34. Nc4 Kf7 35. Re3 Nxa2 36. Nd6+ Kg8 37. Re7 Nc1 38. Rxb7 Rd8 39. Ne4 f5 40.
Nf6+ Kf8 41. Nxh7+ Kg8 42. Nf6+ Kf8 43. b4 Nd3 44. c6 Rc8 45. b5 Ne5 46. Nd7+
Nxd7 47. Rxd7 a6 48. bxa6 Rxc6 49. a7 Rc8 50. Rh7 Kg8 51. Rb7 1-0

[Event "HZ Chess Tournament 2024"]
[Site "Vlissingen, Netherlands"]
[Date "2024.08.05"]
[Round "4.19"]
[White "De Jong, Migchiel"]
[Black "Verhoeven, Robin"]
[Result "1/2-1/2"]
[WhiteElo "2295"]
[BlackElo "2059"]
[PlyCount "33"]

1. Nf3 d5 2. g3 Nc6 3. d4 Bf5 4. Bg2 Nb4 5. Na3 e6 6. O-O Be7 7. Ne5 Nf6 8. c3
Nc6 9. Nxc6 bxc6 10. Qa4 Qd7 11. Nc4 c5 12. Qxd7+ Nxd7 13. Ne3 Bg6 14. dxc5
Nxc5 15. c4 c6 16. Bd2 Ne4 17. Bxe4 1/2-1/2

[Event "HZ Chess Tournament 2024"]
[Site "Vlissingen, Netherlands"]
[Date "2024.08.05"]
[Round "4.20"]
[White "Kalisvaart, Peter"]
[Black "Rappazzo, Johannes"]
[Result "0-1"]
[WhiteElo "2055"]
[BlackElo "2278"]
[PlyCount "64"]

1. d4 Nf6 2. c4 g6 3. Nc3 Bg7 4. e4 d6 5. Be2 O-O 6. h4 c5 7. d5 e6 8. h5 exd5
9. h6 Bh8 10. exd5 Re8 11. Bg5 Qb6 12. Qb3 Ne4 13. Nxe4 Rxe4 14. O-O-O Qc7 15.
Bd3 Rg4 16. Bd2 Na6 17. Bc3 Rd4 18. Nf3 Bg4 19. Rhe1 Rb8 20. Bxd4 cxd4 21. Qa3
Nc5 22. Qxa7 Qd8 23. b4 Ra8 24. Qxa8 Nxd3+ 25. Rxd3 Qxa8 26. Nd2 Bf5 27. Ne4
Bxe4 28. Rxe4 Kf8 29. Kb2 Qc8 30. Kb3 Qf5 31. f3 Qg5 32. c5 Qxd5+ 0-1

[Event "HZ Chess Tournament 2024"]
[Site "Vlissingen, Netherlands"]
[Date "2024.08.05"]
[Round "4.22"]
[White "Tibke, Jonas"]
[Black "Van Baar, Esper"]
[Result "1/2-1/2"]
[WhiteElo "2019"]
[BlackElo "2248"]
[PlyCount "79"]

1. e4 e5 2. Nf3 Nc6 3. Bc4 Nf6 4. Ng5 d5 5. exd5 Na5 6. Bb5+ c6 7. dxc6 bxc6 8.
Qf3 Be7 9. Bxc6+ Nxc6 10. Qxc6+ Bd7 11. Qc4 O-O 12. Nc3 Rc8 13. Qe2 h6 14. Nge4
Nxe4 15. Qxe4 Bc6 16. Qe2 f5 17. O-O Bd6 18. d3 Qh4 19. g3 Qh3 20. f3 g5 21.
Be3 Rf7 22. Qg2 Qxg2+ 23. Kxg2 g4 24. Kf2 Bxf3 25. Rfc1 Bc6 26. a4 f4 27. gxf4
exf4 28. Bd4 h5 29. Ne4 Bxe4 30. dxe4 Re7 31. c3 Rxe4 32. Re1 Rce8 33. Bxa7 f3
34. Rxe4 Rxe4 35. Be3 h4 36. a5 Bxh2 37. a6 Bg3+ 38. Kf1 Bb8 39. Kf2 Bg3+ 40.
Kf1 1/2-1/2

[Event "HZ Chess Tournament 2024"]
[Site "Vlissingen, Netherlands"]
[Date "2024.08.05"]
[Round "4.23"]
[White "Saeid, Kiarasch"]
[Black "Kumar, Prajit Sai"]
[Result "0-1"]
[WhiteElo "1982"]
[BlackElo "2185"]
[PlyCount "86"]

1. d4 d5 2. Nf3 e6 3. Bf4 Nf6 4. e3 Bd6 5. Bxd6 Qxd6 6. c3 O-O 7. Bd3 Nbd7 8.
O-O b6 9. Nbd2 Bb7 10. Qe2 Ne4 11. Ba6 Bxa6 12. Qxa6 f5 13. Nxe4 dxe4 14. Nd2
c5 15. Qe2 e5 16. dxe5 Nxe5 17. f3 exf3 18. Nxf3 Ng4 19. h3 Nf6 20. Nd2 Rae8
21. Rae1 Re6 22. Qd3 Qg3 23. Re2 Rfe8 24. Rf3 Qg5 25. Nf1 Qh4 26. Ref2 Ne4 27.
Rf4 Nxf2 28. Qxf5 Nxh3+ 29. gxh3 Qe7 30. Qd5 Kh8 31. Kh1 Rf6 32. Ng3 Qxe3 33.
Rxf6 gxf6 34. Qc6 Qe6 35. Qg2 Rg8 36. Kh2 Qxa2 37. Qf2 Qe6 38. Ne2 Qe5+ 39. Kh1
Re8 40. Ng1 f5 41. Kg2 Rg8+ 42. Kh1 f4 43. Qh4 Qe4+ 0-1

[Event "HZ Chess Tournament 2024"]
[Site "Vlissingen, Netherlands"]
[Date "2024.08.05"]
[Round "4.24"]
[White "Karacsonyi, Kata"]
[Black "Hng, Mei-Xian Eunice"]
[Result "1-0"]
[WhiteElo "2184"]
[BlackElo "2019"]
[PlyCount "65"]

1. e4 d6 2. d4 Nf6 3. Nc3 g6 4. Be2 Bg7 5. h4 h5 6. Nf3 a6 7. Ng5 Nc6 8. Be3
Ng4 9. Bc4 e6 10. a4 O-O 11. Be2 e5 12. d5 Ne7 13. Bxg4 Bxg4 14. f3 Bd7 15. g4
f6 16. Ne6 Bxe6 17. dxe6 c6 18. gxh5 gxh5 19. Rg1 Kh7 20. f4 Qe8 21. f5 d5 22.
Bc5 Bh6 23. Bxe7 Rg8 24. Rg6 Rxg6 25. fxg6+ Qxg6 26. Qf3 Qg1+ 27. Ke2 Qh2+ 28.
Qf2 Qxf2+ 29. Kxf2 Rg8 30. exd5 cxd5 31. Nxd5 Rc8 32. c3 Rc6 33. Rg1 1-0

[Event "HZ Chess Tournament 2024"]
[Site "Vlissingen, Netherlands"]
[Date "2024.08.05"]
[Round "4.25"]
[White "Visser, Gerrit"]
[Black "Boulahfa, Hicham"]
[Result "0-1"]
[WhiteElo "1981"]
[BlackElo "2183"]
[PlyCount "80"]

1. e4 c5 2. Nf3 d6 3. d4 cxd4 4. Nxd4 Nf6 5. Nc3 g6 6. Be2 Bg7 7. Be3 Nc6 8.
O-O O-O 9. Kh1 Bd7 10. f4 Rc8 11. Nb3 a6 12. a4 Na5 13. Nxa5 Qxa5 14. Qd2 Rfd8
15. Bd3 Bc6 16. b4 Qh5 17. Be2 Qh4 18. Bf3 Ng4 19. Bxg4 Qxg4 20. Bd4 e5 21. Bb6
exf4 22. Ra3 Re8 23. Qxf4 Qxf4 24. Rxf4 Bxc3 25. Rxc3 Bxa4 26. Rd3 Bxc2 27.
Rxd6 Bxe4 28. h3 Rc4 29. Rd4 Rc1+ 30. Kh2 Bc6 31. Rd8 Rxd8 32. Bxd8 Rc2 33. h4
Rxg2+ 34. Kh3 f5 35. Rd4 Kf7 36. Bg5 Rb2 37. Bd2 Ke6 38. Kg3 Rb3+ 39. Kf4 h6
40. Be3 g5+ 0-1

[Event "HZ Chess Tournament 2024"]
[Site "Vlissingen, Netherlands"]
[Date "2024.08.05"]
[Round "4.26"]
[White "Perestjuk, Marko"]
[Black "Aarts, Joaquin"]
[Result "1-0"]
[WhiteElo "2171"]
[BlackElo "2015"]
[PlyCount "75"]

1. c4 e6 2. Nc3 Nf6 3. Nf3 d5 4. e3 b6 5. cxd5 exd5 6. Ne5 c6 7. Qa4 Qc7 8. d4
Bf5 9. Bb5 Bd7 10. Nxd7 Qxd7 11. Bd3 Bd6 12. Bd2 Qg4 13. f3 Qxg2 14. O-O-O Bxh2
15. Rdf1 h5 16. e4 dxe4 17. fxe4 O-O 18. e5 b5 19. Qd1 Ng4 20. Be4 Qh3 21. Nxb5
cxb5 22. Rf3 Qh4 23. Bxa8 Rc8+ 24. Kb1 Qd8 25. Bf4 Bxf4 26. Rxf4 g6 27. Bf3 Nf2
28. Qb3 Qc7 29. Rf1 Nh3 30. Rf6 Kg7 31. Bg4 Ng5 32. Bxc8 Qxc8 33. Rxf7+ Nxf7
34. Qxf7+ Kh6 35. e6 Nc6 36. d5 Nd8 37. Qf8+ Kg5 38. Qf4# 1-0

[Event "HZ Chess Tournament 2024"]
[Site "Vlissingen, Netherlands"]
[Date "2024.08.05"]
[Round "4.27"]
[White "Frayna, Janelle Mae"]
[Black "Goossens, Xavier"]
[Result "1-0"]
[WhiteElo "2162"]
[BlackElo "2010"]
[PlyCount "39"]

1. Nf3 Nf6 2. c4 c5 3. Nc3 e6 4. g3 d5 5. cxd5 exd5 6. d4 Nc6 7. Bg2 cxd4 8.
Nxd4 Bc5 9. Nb3 Bb6 10. Nxd5 Be6 11. e4 Bg4 12. Qd3 Nxd5 13. exd5 O-O 14. O-O
Re8 15. Be3 Ne5 16. Qb5 Nf3+ 17. Kh1 Re5 18. Bxb6 axb6 19. Qd3 Rh5 20. Bxf3 1-0

[Event "HZ Chess Tournament 2024"]
[Site "Vlissingen, Netherlands"]
[Date "2024.08.05"]
[Round "4.28"]
[White "Vantorre, Nils"]
[Black "Ellenbroek, Ton"]
[Result "1-0"]
[WhiteElo "2153"]
[BlackElo "2001"]
[PlyCount "69"]

1. e4 c5 2. Nf3 Nc6 3. d4 cxd4 4. Nxd4 e5 5. Nb5 d6 6. c4 Be6 7. N1c3 a6 8. Na3
g6 9. Bd3 Bg7 10. O-O Rc8 11. Nd5 Bxd5 12. cxd5 Nd4 13. Qa4+ Qd7 14. Qb4 b5 15.
Be3 Nf6 16. Bxd4 exd4 17. Nxb5 O-O 18. Nxd6 Rb8 19. Qa3 Nh5 20. Rfe1 Nf4 21. e5
Qg4 22. Bf1 d3 23. g3 d2 24. Red1 Ne2+ 25. Kg2 Bxe5 26. Rxd2 Nd4 27. Nc4 Qe4+
28. f3 Qxd5 29. Nxe5 Qxe5 30. Qc3 Rfd8 31. Rad1 Rbc8 32. Rxd4 Rxc3 33. Rxd8+
Kg7 34. bxc3 Qxc3 35. Bxa6 1-0